<?xml version="1.0" encoding="UTF-8"?><?xml-stylesheet type="text/xsl" href="static/style.xsl"?><OAI-PMH xmlns="http://www.openarchives.org/OAI/2.0/" xmlns:xsi="http://www.w3.org/2001/XMLSchema-instance" xsi:schemaLocation="http://www.openarchives.org/OAI/2.0/ http://www.openarchives.org/OAI/2.0/OAI-PMH.xsd"><responseDate>2026-06-06T04:22:08Z</responseDate><request verb="GetRecord" identifier="oai:riuma.uma.es:10630/25332" metadataPrefix="marc">https://riuma.uma.es/rest/oai/request</request><GetRecord><record><header><identifier>oai:riuma.uma.es:10630/25332</identifier><datestamp>2026-02-03T12:11:00Z</datestamp><setSpec>com_10630_2254</setSpec><setSpec>col_10630_37959</setSpec></header><metadata><record xmlns="http://www.loc.gov/MARC21/slim" xmlns:dcterms="http://purl.org/dc/terms/" xmlns:doc="http://www.lyncode.com/xoai" xmlns:xsi="http://www.w3.org/2001/XMLSchema-instance" xsi:schemaLocation="http://www.loc.gov/MARC21/slim http://www.loc.gov/standards/marcxml/schema/MARC21slim.xsd">
   <leader>00925njm 22002777a 4500</leader>
   <datafield ind2=" " ind1=" " tag="042">
      <subfield code="a">dc</subfield>
   </datafield>
   <datafield ind2=" " ind1=" " tag="720">
      <subfield code="a">Mayorga-Chamorro, José Ignacio</subfield>
      <subfield code="e">author</subfield>
   </datafield>
   <datafield ind2=" " ind1=" " tag="260">
      <subfield code="c">2022</subfield>
   </datafield>
   <datafield ind2=" " ind1=" " tag="520">
      <subfield code="a">Andalucía, como región clave en la comunicación entre los territorios hispanos de la Península y de América, fue un escenario privilegiado para el intercambio de personas, devociones, objetos artísticos y toda suerte de elementos culturales. A través de un estudio de ejemplos seleccionados se podrá observar cómo algunas estampas andaluzas del siglo XVII, tras cruzar el Atlántico, sirvieron de modelo para obras de arte ejecutadas en los virreinatos americanos, adaptándose en el proceso a los usos y gustos del lugar.  Los casos expuestos ilustran algunos de los resultados del Proyecto de Investigación denominado “Tres siglos de arte del grabado (XVI-XVIII): estampa y cultura visual en Andalucía y su impacto en el nuevo mundo. Nuevos enfoques” (referencia PID2019-104433GB-I00), aún en desarrollo.</subfield>
   </datafield>
   <datafield ind1="8" ind2=" " tag="024">
      <subfield code="a">Mayorga Chamorro, José Ignacio (2022), "La estampa andaluza del siglo XVII en Hispanoamérica. Un estudio de casos." en libro de resúmenes del V SIMPOSIO INTERNACIONAL JÓVENES INVESTIGADORES DEL BARROCO IBEROAMERICANO - Iberoamérica, cartografía abierta. Valencia. CEIBA.</subfield>
   </datafield>
   <datafield ind1="8" ind2=" " tag="024">
      <subfield code="a">https://hdl.handle.net/10630/25332</subfield>
   </datafield>
   <datafield tag="653" ind2=" " ind1=" ">
      <subfield code="a">Arte - Historia</subfield>
   </datafield>
   <datafield tag="653" ind2=" " ind1=" ">
      <subfield code="a">Grabados</subfield>
   </datafield>
   <datafield tag="653" ind2=" " ind1=" ">
      <subfield code="a">Estampas</subfield>
   </datafield>
   <datafield ind2="0" ind1="0" tag="245">
      <subfield code="a">Comunicación "La estampa andaluza del siglo XVII y su impacto en Hispanoamérica. Un estudio de casos."</subfield>
   </datafield>
</record>
</metadata></record></GetRecord></OAI-PMH>